000 00595nam a2200217Ia 4500
001 71565
008 160401s9999 xx 000 0 und d
020 _a9781462516506
040 _cPK-LaUMT
082 _a 616.89152
_bRUT-P
100 _aRutan, J. Scott
245 _aPsychodynamic group psychotherapy
_cRutan, J. Scott|Stone, Walter N.|Shay, Joseph J.
250 _a5th
260 _aNew York,USA:
_bThe Guilford Press,
_c2014
300 _a465 p.
546 _aEN
650 _aPsychotherapy, group-Methods
700 _aShay, Joseph J.
700 _aStone, Walter N.
942 _cBK
999 _c84572
_d84572